书目信息 |
| 书名: | A dictionary of the Environment | |
| 作者: | ||
| 分册号: | ||
| 分册名: | 出版地: | London : |
|
| 出版社: | Macmillan Pr | |
| 出版时间: | 1977. | |
| 页数: | 532 p. | |
| 开本: | ||
| 丛书名: | ||
| 中图分类号: | ||
| 科图分类号: | ||
| 其他分类号: | H316 | |
| 主题词: | ||
| 电子资源: | ||
| 000 | 00624nam 2200217 a 4500 | |
| 001 | E0758718744 | |
| 005 | 20070302162214.64 | |
| 008 | 001 0 eng | |
| 008 | uu | |
| 020 | @a0-333-19754-2 :@cCNY3.30. | |
| 040 | @aNLC | |
| 049 | @aN5LA | |
| 090 | @a2G/X-61/DE/////////262416/*907998*-99/ cop.2-3/*895521/ cop.4 | |
| 090 | @aH316 | |
| 096 | @aX-61 @v2 | |
| 099 | @dH316@ex67 | |
| 245 | 02 | @aA dictionary of the Environment |
| 260 | @aLondon :@bMacmillan Pr.,@c1977. | |
| 300 | @a532 p. | |
| 700 | 1 | @aAllaby, Michael. @b00 @c20020930 @lNLC09 @h2246 @lNLC09 @h2300 @lNLC09 @h1851 |
| 852 | 9 | @bWWJC @cJ09 @k2G @hX-61 @iDE |
| A dictionary of the Environment.-London : : Macmillan Pr., , 1977. |
| 532 p. |
| ISBN 0-333-19754-2 :CNY3.30. |
| ● |
| 相关链接 |
|
|
|
|
正题名:dictionary of the Environment
索取号:H316/x67
 
预约/预借
| 序号 | 登录号 | 条形码 | 馆藏地/架位号 | 状态 | 备注 |
| 1 | 48033 | 001434291 | 第二样本阅览室/ [索取号:H316/x67] | 在馆 | |
| 2 | 48034 | 001434255 | 密集书库/ [索取号:H316/x67] | 在馆 |